[Event "Brandenburg-ch Seniors 13th"]
[Site "Lindow/Mark"]
[Date "2005.09.09"]
[Round "3"]
[White "Nyikos, Laszlo"]
[Black "Tefs, Arnold"]
[Result "0-1"]
[WhiteElo "1413"]
[BlackElo "1656"]
[PlyCount "88"]
[EventDate "2005.09.07"]
[EventType "swiss"]
[EventRounds "9"]
[EventCountry "GER"]
[SourceTitle "EXT 2007"]
[Source "ChessBase"]
[SourceDate "2006.11.23"]
[SourceVersion "1"]
[SourceVersionDate "2006.11.23"]
[SourceQuality "1"]

1. b4 d5 2. Bb2 e6 3. e3 f5 4. Qh5+ g6 5. Qd1 Nf6 6. b5 Bg7 7. Nf3 0-0 8. c4 c6 9. a4 Ne4 10. Bxg7 Kxg7 11. Be2 a6 12. Qb3 axb5 13. cxb5 Nd7 14. Qb2+ Qf6 15. Qxf6+ Kxf6 16. Nc3 Nxc3 17. dxc3 Nc5 18. bxc6 bxc6 19. Nd4 Bd7 20. 0-0 Nxa4 21. Rfc1 c5 22. Nf3 c4 23. Kf1 Nc5 24. Bd1 Ne4 25. Rxa8 Rxa8 26. Ng1 Ra3 27. Ne2 Ba4 28. Bxa4 Rxa4 29. Nf4 Ra3 30. Ne2 Nd2+ 31. Ke1 Nb3 32. Rd1 Ra1 33. Rxa1 Nxa1 34. Nd4 e5 35. Ne2 Nb3 36. Kd1 Nc5 37. Kd2 g5 38. f3 f4 39. g3 Nb3+ 40. Kc2 fxe3 41. f4 gxf4 42. gxf4 d4 43. fxe5+ Kxe5 44. cxd4+ Nxd4+ 0-1

[Event "Brandenburg-ch Seniors 11th"]
[Site "Lindow"]
[Date "2003.09.24"]
[Round "4"]
[White "Tefs, Arnold"]
[Black "Augustat, Siegfried"]
[Result "1/2-1/2"]
[WhiteElo "1694"]
[BlackElo "1729"]
[PlyCount "83"]
[EventDate "2003.09.??"]
[EventType "swiss"]
[EventRounds "7"]
[EventCountry "GER"]
[SourceTitle "EXT 2006"]
[Source "ChessBase"]
[SourceDate "2005.11.24"]
[SourceVersion "1"]
[SourceVersionDate "2005.11.24"]
[SourceQuality "1"]

1. d4 d5 2. e3 Nf6 3. Bd3 c5 4. c3 cxd4 5. exd4 Nc6 6. f4 Bg4 7. Be2 Bxe2 8. Qxe2 Ne4 9. Nf3 h6 10. Nbd2 f5 11. Nh4 e6 12. Ng6 Rg8 13. Nxf8 Kxf8 14. Nf3 a6 15. g3 Qe8 16. Be3 Qh5 17. Nh4 Qxe2+ 18. Kxe2 Kf7 19. Nf3 Rac8 20. Rhf1 Rc7 21. Ne1 Rgc8 22. Nd3 b6 23. Rad1 Na5 24. Ne5+ Kf6 25. Rd3 Nc4 26. Nxc4 Rxc4 27. Bd2 b5 28. a3 a5 29. Rb1 b4 30. cxb4 Nxd2 31. Rxd2 axb4 32. axb4 Rxb4 33. b3 g5 34. fxg5+ hxg5 35. Kd3 g4 36. Rf2 Ke7 37. Ra2 Kf6 38. Rab2 Kg5 39. Re2 Kf6 40. Reb2 Rc7 41. Re2 Ke7 42. Ra2 1/2-1/2

[Event "Brandenburg-ch Seniors 10th"]
[Site "Lindow"]
[Date "2002.09.21"]
[Round "7"]
[White "Schimmelpfennig, Hans"]
[Black "Tefs, Arnold"]
[Result "1/2-1/2"]
[WhiteElo "1848"]
[BlackElo "1642"]
[PlyCount "57"]
[EventDate "2002.09.??"]
[EventType "swiss"]
[EventRounds "7"]
[EventCountry "GER"]
[SourceTitle "EXT 2006"]
[Source "ChessBase"]
[SourceDate "2005.11.24"]
[SourceVersion "1"]
[SourceVersionDate "2005.11.24"]
[SourceQuality "1"]

1. f4 f5 2. Nf3 Nf6 3. b3 e6 4. e3 Be7 5. Be2 0-0 6. 0-0 d5 7. Ne5 Nbd7 8. Bb2 c6 9. a4 Qc7 10. Kh1 Bd6 11. Nxd7 Nxd7 12. c4 Be7 13. cxd5 exd5 14. Nc3 Bf6 15. Rc1 Qd8 16. Ba3 Re8 17. Bd3 g6 18. Ne2 Nf8 19. Ng1 d4 20. exd4 Bxd4 21. Nf3 Bf6 22. Bc4+ Be6 23. Qc2 Bxc4 24. Qxc4+ Kg7 25. d4 Rc8 26. Ne5 Qd5 27. Qxd5 cxd5 28. Bb2 Ne6 29. g3 1/2-1/2

[Event "Brandenburg-ch Seniors 10th"]
[Site "Lindow"]
[Date "2002.09.19"]
[Round "5"]
[White "Bamme, Erich"]
[Black "Tefs, Arnold"]
[Result "1/2-1/2"]
[WhiteElo "1683"]
[BlackElo "1642"]
[PlyCount "65"]
[EventDate "2002.09.??"]
[EventType "swiss"]
[EventRounds "7"]
[EventCountry "GER"]
[SourceTitle "EXT 2006"]
[Source "ChessBase"]
[SourceDate "2005.11.24"]
[SourceVersion "1"]
[SourceVersionDate "2005.11.24"]
[SourceQuality "1"]

1. d4 f5 2. Nf3 Nf6 3. e3 e6 4. g3 Be7 5. Bg2 0-0 6. 0-0 d5 7. b3 Ne4 8. c4 c6 9. Bb2 Nd7 10. cxd5 exd5 11. Nbd2 Nxd2 12. Qxd2 Bf6 13. Rfc1 Re8 14. Ne1 Nf8 15. Nd3 g6 16. b4 h5 17. Qd1 h4 18. Qe2 hxg3 19. hxg3 a6 20. a4 Ne6 21. Nf4 Ng5 22. Nd3 Qe7 23. Bc3 Ne4 24. Nc5 Nd6 25. a5 Rb8 26. Na4 Be6 27. Nc5 Bf7 28. Qf3 Rbd8 29. Rd1 g5 30. Qe2 Qc7 31. f4 g4 32. Kf2 Ne4+ 33. Nxe4 1/2-1/2

[Event "Brandenburg-ch Seniors 10th"]
[Site "Lindow"]
[Date "2002.09.16"]
[Round "2"]
[White "Petersohn, Horst"]
[Black "Tefs, Arnold"]
[Result "1/2-1/2"]
[WhiteElo "1731"]
[BlackElo "1642"]
[PlyCount "101"]
[EventDate "2002.09.??"]
[EventType "swiss"]
[EventRounds "7"]
[EventCountry "GER"]
[SourceTitle "EXT 2006"]
[Source "ChessBase"]
[SourceDate "2005.11.24"]
[SourceVersion "1"]
[SourceVersionDate "2005.11.24"]
[SourceQuality "1"]

1. d4 f5 2. c4 Nf6 3. Nf3 e6 4. a3 Be7 5. g3 0-0 6. Bg2 c6 7. 0-0 d5 8. b3 Ne4 9. Qc2 Nd7 10. Nc3 Nxc3 11. Qxc3 Nf6 12. Nd2 Bd7 13. f3 Be8 14. Bb2 Bf7 15. Rae1 Re8 16. e4 Bf8 17. Qc2 g6 18. Rf2 Qd7 19. cxd5 cxd5 20. Rfe2 Rac8 21. Qd3 Rc7 22. exf5 exf5 23. Re5 Rec8 24. Qb1 Qb5 25. Bf1 Qc6 26. Bd3 Nd7 27. R5e2 Qf6 28. f4 a6 29. b4 Qb6 30. Nf3 Nf6 31. Ng5 Ne4 32. Nf3 Nc3 33. Bxc3 Rxc3 34. Ra2 Bg7 35. Kg2 Bxd4 36. Qd1 Bf6 37. Ne5 Bxe5 38. fxe5 Be6 39. Be2 Re3 40. Bf3 Rxe1 41. Qxe1 Qc6 42. Qd2 b5 43. Qg5 Qd7 44. Rd2 d4 45. Qf6 Bd5 46. Rxd4 Bxf3+ 47. Kxf3 Rc3+ 48. Kg2 Qxd4 49. Qe6+ Kf8 50. Qf6+ Ke8 51. Qh8+ 1/2-1/2